The use of golden snail as alternative feed for frog(rana tigerina) culture, ការប្រើប្រាស់ម្សៅខ្យងជំនួសចំនិគ្រាប់សំរាប់ការចិញ្ចឹមកង្កែប (Record no. 3939)

000 -LEADER
fixed length control field 00601nam a22001337a 4500
040 ## - CATALOGING SOURCE
Transcribing agency RUA
082 ## - DEWEY DECIMAL CLASSIFICATION NUMBER
Classification number FIS OU 2009 B181 Or.1
100 ## - MAIN ENTRY--AUTHOR NAME
Personal name OU, TOUCH.
245 ## - TITLE STATEMENT
Title The use of golden snail as alternative feed for frog(rana tigerina) culture, ការប្រើប្រាស់ម្សៅខ្យងជំនួសចំនិគ្រាប់សំរាប់ការចិញ្ចឹមកង្កែប
260 ## - PUBLICATION, DISTRIBUTION, ETC. (IMPRINT)
Place of publication Phnom Penh
Name of publisher RUA
Year of publication 2009
300 ## - PHYSICAL DESCRIPTION
Number of Pages ix; 39p.
Other physical details ill.
Dimensions 29cm.
856 ## - ELECTRONIC LOCATION AND ACCESS
Uniform Resource Identifier https://drive.google.com/file/d/1vCaRzYN4eKcSLc2MloIopPcyhb874BuQ/view?usp=sharing
942 ## - ADDED ENTRY ELEMENTS (KOHA)
Koha item type FIS
952 ## - LOCATION AND ITEM INFORMATION (KOHA)
Withdrawn status [LOCAL, KOHA] 0
952 ## - LOCATION AND ITEM INFORMATION (KOHA)
Withdrawn status [LOCAL, KOHA] 0
952 ## - LOCATION AND ITEM INFORMATION (KOHA)
Withdrawn status [LOCAL, KOHA] 0
952 ## - LOCATION AND ITEM INFORMATION (KOHA)
Withdrawn status [LOCAL, KOHA] 0
952 ## - LOCATION AND ITEM INFORMATION (KOHA)
Withdrawn status [LOCAL, KOHA] 0
952 ## - LOCATION AND ITEM INFORMATION (KOHA)
Withdrawn status [LOCAL, KOHA] 0
952 ## - LOCATION AND ITEM INFORMATION (KOHA)
Withdrawn status [LOCAL, KOHA] 0
952 ## - LOCATION AND ITEM INFORMATION (KOHA)
Withdrawn status [LOCAL, KOHA] 0
952 ## - LOCATION AND ITEM INFORMATION (KOHA)
Withdrawn status [LOCAL, KOHA] 0
952 ## - LOCATION AND ITEM INFORMATION (KOHA)
Withdrawn status [LOCAL, KOHA] 0
952 ## - LOCATION AND ITEM INFORMATION (KOHA)
Withdrawn status [LOCAL, KOHA] 0
952 ## - LOCATION AND ITEM INFORMATION (KOHA)
Withdrawn status [LOCAL, KOHA] 0
952 ## - LOCATION AND ITEM INFORMATION (KOHA)
Withdrawn status [LOCAL, KOHA] 0
Holdings
Permanent Location Date acquired Koha item type Lost status Shelving location Barcode Current Location Full call number
Library Block B2015-12-03FIS B181RUA037552Library Block BFIS OU 2009 B181 Or.1
Library Block B2015-12-03FIS B181RUA037473Library Block BFIS OU 2009 B181 Or.2
Library Block B2015-12-03FIS B181RUA037694Library Block BFIS OU 2009 B181 Or.3
Library Block B2015-12-03FIS B181RUA036684Library Block BFIS OU 2009 B181 Or.4
Library Block B2015-12-03FIS B181RUA037004Library Block BFIS OU 2009 B181 Or.5
Library Block B2015-12-03FIS B181RUA036963Library Block BFIS OU 2009 B181 Or.6
Library Block B2015-12-03FIS B181RUA037548Library Block BFIS OU 2009 B181 Or.7
Library Block B2015-12-03FIS B181RUA037604Library Block BFIS OU 2009 B181 Or.8
Library Block B2015-12-03FIS B181RUA037486Library Block BFIS OU 2009 B181 Or.9
Library Block B2015-12-03FIS B181RUA037595Library Block BFIS OU 2009 B181 Or.10
Library Block B2019-03-18FIS B1.226A35880Library Block BFIS OU 2009 B1.226 Or.1
Library Block B2019-03-26FIS B1.226A40234Library Block BFIS OU 2009 B1.226 Or.2
Library Block B2019-03-26FIS B1.206A40672Library Block BFIS OU 2009 B1.226 Or.3
មជ្ឈមណ្ឌលឯការនៃសាកលវិទ្យាល័យភូមិន្ទកសិកម្មចំការដូង

Powered by Koha